Identifikácia falošných správ na Webe

Guardado en:
Detalles Bibliográficos
Autor principal: Balážová, Michaela (Autor)
Otros Autores: Kompan, Michal (Orientador)
Formato: Manuscrito Libro
Lenguaje:eslovaco
Publicado: 2020
Materias:
Acceso en línea:http://is.stuba.sk/zp/portal_zp.pl?podrobnosti=151402
Etiquetas: Agregar Etiqueta
Sin Etiquetas, Sea el primero en etiquetar este registro!

MARC

LEADER 00000ntm a22000003a 4500
001 stuzp80670
003 SK-STU
005 20200613212914.6
007 ta
008 150427s2015----xo-----f-mn---000-0-slo-d
040 |a STU  |b slo 
041 0 |a slo 
100 1 |a Balážová, Michaela  |u 070200  |k Z4  |4 aut  |U FIIT Fakulta informatiky a informačných technológií  |T FIIT Ústav informatiky, informačných systémov a softvérového inžinierstva  |X 79469  |U I200  |Y 179  |7 79469 
242 0 1 |a Identification of fake news on the Web  |y eng 
245 1 0 |a Identifikácia falošných správ na Webe 
260 |c 2020 
650 4 |a komunita používateľov  |2 slo 
650 4 |a sociálna sieť  |2 slo 
650 4 |a klasifikácia  |2 slo 
650 4 |a antisociálne správanie  |2 slo 
650 4 |a falošné správy  |2 slo 
650 4 |a classification  |2 eng 
650 4 |a fake news  |2 eng 
650 4 |a social network  |2 eng 
650 4 |a user community  |2 eng 
650 4 |a antisocial behaviour  |2 eng 
700 1 |a Kompan, Michal  |u 070200  |k Z1  |4 ths  |U FIIT Fakulta informatiky a informačných technológií  |T FIIT Ústav informatiky, informačných systémov a softvérového inžinierstva  |X 29626  |U I200  |Y 179  |7 29626 
856 4 |u http://is.stuba.sk/zp/portal_zp.pl?podrobnosti=151402